| 000 | 00782nam a2200289Ia 4500 | ||
|---|---|---|---|
| 001 | 23486 | ||
| 003 | IT-RoPAU | ||
| 008 | 130308s9999 xx 000 0 und d | ||
| 040 | _aIT-RoPAU | ||
| 040 | _cIT-RoPAU | ||
| 041 | _aINGLESE | ||
| 100 | _aBecker Lawrence | ||
| 100 | _gCodice Aut. SPICS: 7214 | ||
| 245 | 2 | _aA Minor Masterpiece-Dusan Makavejev's Wr: Mysteries of the o | |
| 245 | _bEmergence Of Film Art (The) | ||
| 250 | _a1a ed. | ||
| 260 | _aNEW YORK | ||
| 260 | _bW.W. Norton & Company | ||
| 260 | _c1979 [1° Ed.:1969 - Ed.Ling.Originale:1969] | ||
| 300 | _a"3 p. (prefazione: no ; testo: 3 [pagine: 440-442])" | ||
| 650 | _aSTORIA DEL CINEMA | ||
| 650 | _eCodice materia Spics: 6808 | ||
| 942 | _cBK | ||
| 957 | _71 | ||
| 999 |
_c53389 _d53389 |
||
| 999 | _bSI | ||
| 999 | _g1 | ||